00585nam a22001337a 4500008004100000020001800041082001700059100004400076245005900120260007100179300002900250650007800279700009400357150410b xxu||||| |||| 00| 0 eng d a9789930949832 a707bCh 512s aChavarria Zamora, Maria Jose (curadora) aSincretITSMOScChavarria Zamora, Maria Jose (curadora) aSan Jose, Costa RicabMuseo de Arte y Diseño Contemporaneoc2014 a40 p.bill. (col)c21 cm xArte-catalogosxArte contemporaneo-america latinaxArtistasxBellas artes aMaria Jose Chavarria Zamora (curadora), Natasha Mclver (tr), Adriana Artavia Vindas (fot)